UM Logo

Remembering our grandfather's exile : (Record no. 21265)

MARC details
000 -LEADER
fixed length control field 00707nam a22001817a 4500
003 - CONTROL NUMBER IDENTIFIER
control field OSt
005 - DATE AND TIME OF LATEST TRANSACTION
control field 20250120121826.0
008 - FIXED-LENGTH DATA ELEMENTS--GENERAL INFORMATION
fixed length control field 240903b ||||| |||| 00| 0 eng d
040 ## - CATALOGING SOURCE
Transcribing agency 0
082 ## - DEWEY DECIMAL CLASSIFICATION NUMBER
Classification number DPer 808.042 C686 June-February 2021, vol 72-73, no. 1-4.
100 ## - MAIN ENTRY--PERSONAL NAME
Personal name Okawa, Gail Y.
Relator term author.
9 (RLIN) 60027
245 ## - TITLE STATEMENT
Title Remembering our grandfather's exile :
Remainder of title us imprisonment of hawai'i's japanese in world war II /
Statement of responsibility, etc. Gail Y.Okawa.
260 ## - PUBLICATION, DISTRIBUTION, ETC. (IMPRINT)
Place of publication, distribution, etc. USA;
Name of publisher, distributor, etc. National Council of Teachers of English,
Date of publication, distribution, etc. 2021.
300 ## - PHYSICAL DESCRIPTION
Extent volume 72-73, pages 168-175.
500 ## - GENERAL NOTE
General note College Composition & Communication, vol. 73, no. 1, pages 168-175, September 2021.
700 ## - ADDED ENTRY--PERSONAL NAME
Personal name Okawa, Gail Y.
Relator term author.
9 (RLIN) 60027
942 ## - ADDED ENTRY ELEMENTS (KOHA)
Source of classification or shelving scheme Dewey Decimal Classification
Koha item type Periodicals
Holdings
Withdrawn status Lost status Source of classification or shelving scheme Damaged status Not for loan Collection code Home library Current library Date acquired Total Checkouts Full call number Date last seen Price effective from Koha item type Public note
    Dewey Decimal Classification     Periodicals UM Digos College - LIC UM Digos College - LIC 09/03/2024   DPer 808.042 C686 June-February 2021, vol 72-73, no. 1-4. 09/03/2024 09/03/2024 Periodicals Periodical Article